000 00320nam a22001337a 4500
008 180906b xxu||||| |||| 00| 0 eng d
020 _a9781418067250
041 _aeng
080 _23 Ed
_a616.073
100 _a3
101 _aSHM
245 _aPrinciples Public Health Practice
_cScutchfield.F.D
942 _2udc
_cBK
999 _c47596
_d47596